Neoliberal restructuring in education and health professions in Europe: questions of global class and gender /
El siguiente artículo analiza las relaciones entre la educación y los profesionales de la salud destacando el importante rol que asumen los ciclos específicos de la transformación público-privada en las relaciones de producción de esas profesiones a lo largo del último siglo, en el cual, el Estado h...
Guardado en:
| Hovedforfatter: | |
|---|---|
| Format: | Texto |
| Fag: | |
| Tags: |
Tilføj Tag
Ingen Tags, Vær først til at tagge denne postø!
|
MARC
| LEADER | 00000 a a2200000 04500 | ||
|---|---|---|---|
| 001 | 45289 | ||
| 003 | |||
| 040 | |||
| 100 | |a Beach, Dennis | ||
| 245 | |a Neoliberal restructuring in education and health professions in Europe: |b questions of global class and gender / |c Dennis Beach | ||
| 520 | |a El siguiente artículo analiza las relaciones entre la educación y los profesionales de la salud destacando el importante rol que asumen los ciclos específicos de la transformación público-privada en las relaciones de producción de esas profesiones a lo largo del último siglo, en el cual, el Estado ha sido un intermediario significativo. | ||
| 590 | |a DISEMINAR032014 |a RRH |a MARZO2014 | ||
| 650 | |a NEOLIBERALISMO | ||
| 650 | |a MERCADO DE TRABAJO | ||
| 650 | |a SALUD | ||
| 650 | |a LIBERALIZACION | ||
| 650 | |a GASTOS PUBLICOS | ||
| 650 | |a ESTADO | ||
| 773 | |g volumen28, número4 (2010), páginas 551-569 | ||
| 999 | |c 20943 |d 20943 | ||
